Modelando el cambio en el comportamiento de salud: cómo predecir y modificar la adopción y el mantenimiento de comportamientos de salud =
Los comportamientos que ponen en riesgo la salud humana, como el sedentarismo y la dieta inadecuada son muy resistentes al cambio. Este artículo analiza los resultados de siete investigaciones que versan sobre el papel de los mediadores volitivos en la iniciación y adherencia a cinco comportamientos...
שמור ב:
| מחבר ראשי: | |
|---|---|
| מחברים אחרים: | |
| פורמט: | Texto |
| נושאים: | |
| תגים: |
הוספת תג
אין תגיות, היה/י הראשונ/ה לתייג את הרשומה!
|
MARC
| LEADER | 00000 a a2200000 04500 | ||
|---|---|---|---|
| 001 | 40446 | ||
| 003 | |||
| 040 | |||
| 100 | |a Schwarzer, Ralf | ||
| 245 | |a Modelando el cambio en el comportamiento de salud: |b cómo predecir y modificar la adopción y el mantenimiento de comportamientos de salud = |b Modeling health behavior change: how to predic and modify the adoption and maintenance of health behaviors / |c Ralf Schwarzer ; Benicio Gutiérrez-Doña | ||
| 500 | |a health@zedat.fu-berlin.de |a beniciogd@uned.ac.cr | ||
| 520 | |a Los comportamientos que ponen en riesgo la salud humana, como el sedentarismo y la dieta inadecuada son muy resistentes al cambio. Este artículo analiza los resultados de siete investigaciones que versan sobre el papel de los mediadores volitivos en la iniciación y adherencia a cinco comportamientos de salud, a saber: ejercicio físico, autoexamen de mama, uso del cinturón de seguridad, dieta saludable y limpieza bucal con hilo dental. El objetivo del trabajo es valorar, basado en los siete estudios, la universalidad y la aplicabilidad del Modelo Procesual de Acción en Salud (Health Action Process Approach, HAPA) y su replicabilidad en diferentes comportamientos de salud, en distintos puntos de medición y en muestras de diferentes culturas y países. | ||
| 590 | |a DISEMINAR102010/RRA/OCTUBRE2010 | ||
| 650 | |a SALUD | ||
| 650 | |a ASPECTOS PSICOLOGICOS | ||
| 650 | |a TEORIA | ||
| 650 | |a COMPORTAMIENTO | ||
| 650 | |a INVESTIGACION | ||
| 650 | |a ANALISIS COMPARATIVO | ||
| 700 | |a Gutiérrez-Doña, Benicio | ||
| 773 | |g volumen28, número41 (2009), páginas 11-39 | ||
| 999 | |c 22181 |d 22181 | ||
